| 000 | 00850cab a2200229 4500 | ||
|---|---|---|---|
| 001 | WB3031-42 | ||
| 008 | 090401t1994 xxu||||| |||| 00| 0 eng d | ||
| 035 | _a(Sirsi) u30180 | ||
| 041 | _aeng | ||
| 245 | _aDetermination of lease | ||
| 260 | _c1994 | ||
| 350 | _a0 | ||
| 490 |
_aEstates Gazette Case Summaries _v(1994) EGCS 144(1) (11.8.94) |
||
| 520 | _a"Meadfield Properties Ltd v SoS Environment" ChD 21 July 1994. Dispute arose over the date at which the tenant could determine a lease, and was settled in the defendant tenant`s favour on an interpretation of lease terms given their ordinary English meaning. | ||
| 650 | _aDETERMINATION OF LEASE | ||
| 650 | _aLEASES | ||
| 650 | _aMEADFIELD PROPERTIES LTD V SOS ENVIRONMENT | ||
| 650 | _aTERMINATION | ||
| 690 | _aLANDLORD AND TENANT-CASE LAW | ||
| 942 | _n0 | ||
| 948 | _c04/03/1997 | ||
| 999 |
_c20334 _d20334 |
||